|
|
|
|
| LEADER |
00718nab a2200181 i 4500 |
| 001 |
misc9145 |
| 005 |
20191106143602.0 |
| 008 |
170607s1913 hu o 0|| hun d |
| 022 |
|
|
|a 0025-0260
|
| 040 |
|
|
|a SZTE Miscellanea Repozitórium
|b hun
|
| 041 |
|
|
|a hun
|
| 100 |
1 |
|
|a Teveli Mihály
|
| 245 |
1 |
0 |
|a Középiskoláink Értesítői az 1911-12. tanévben
|h [elektronikus dokumentum] /
|c Teveli Mihály
|
| 260 |
|
|
|c 1913
|
| 300 |
|
|
|a 363-370
|
| 490 |
0 |
|
|a Magyar pedagógia : a Magyar Tudományos Akadémia Pedagógiai Bizottságának folyóirata
|v 22
|
| 695 |
|
|
|a Iskolai értesítők Magyarország 1911-1912, Középiskolai értesítők
|
| 856 |
4 |
0 |
|u http://misc.bibl.u-szeged.hu/9145/1/mp_1913_1924_363-370.pdf
|z Dokumentum-elérés
|